000 00802cab a2200253 4500
001 ABS54826
008 090401t1996 xxu||||| |||| 00| 0 eng d
035 _a(Sirsi) u12416
041 _aeng
100 _aEllis, M.
245 _aWho`s afraid of the new red book
260 _c1996
350 _a0
490 _aChartered Banker
_v2(3) March 1996, 17-19(3)
520 _aOutlines the aims of the RICS "Appraisal and valuation manual" assessing its impact on property valuations and the expectations of lenders.
650 _aESTIMATED REALISATION PRICE
650 _aESTIMATED RESTRICTED REALISATION PRICE
650 _aOPEN MARKET VALUE
650 _aRICS APPRAISAL AND VALUATION MANUAL
650 _aVALUATIONS
690 _aRATING AND VALUATION
942 _n0
948 _c04/03/1997
999 _c7934
_d7934